[Event "Penang op 7th"]
[Site "Penang"]
[Date "2015.12.09"]
[Round "4"]
[White "Teh, Ren Jie"]
[Black "Tan, Hong Ghee"]
[Result "1/2-1/2"]
[WhiteElo "1570"]
[BlackElo "1930"]
[PlyCount "42"]
[EventDate "2015.12.07"]
[EventType "swiss"]
[EventRounds "9"]
[EventCountry "MAS"]
[SourceTitle "CBM 169 Extra"]
[Source "ChessBase"]
[SourceDate "2015.12.18"]
[SourceVersion "1"]
[SourceVersionDate "2015.12.18"]
[SourceQuality "1"]

1. d4 Nf6 2. c4 e6 3. Nf3 b6 4. g3 Bb7 5. Bg2 d5 6. 0-0 Be7 7. Qc2 0-0 8. Rd1 Nbd7 9. Nc3 c6 10. b3 Rb8 11. e4 dxe4 12. Nxe4 Nxe4 13. Qxe4 Nf6 14. Qe2 h6 15. Ne5 Bd6 16. Bb2 Qe7 17. Rac1 Rbc8 18. f4 Ba3 19. Bxa3 Qxa3 20. Bh3 Rc7 21. Bg2 Qe7 1/2-1/2